La culture générale en QCM (partie 1) - Statistiques

Statistiques générales
  • Ce quiz a été pris 18 fois
    11 depuis la dernière actualisation
  • Le résultat moyen est 9 sur 15
Statistiques - réponses
Question Réponse % Correct
Quel pays sud-américain a vu son quotidien bouleversé à la suite d'un coup d'Etat par le dictateur Augusto Pinochet ? Le Chili
100%
Lequel de ces parcs d'attractions se trouve en Espagne ? Port Aventura World
100%
Pour quelle raison est connu Guy Fawkes ? Il fait partie de l'attentat de la Conspiration des Poudres
80%
Quelle créature a effrayé la région ardéchoise et ses environs en s'attaquant à des personnes entre le 30 juin 1764 et le 19 juin 1767 ? La Bête du Gévaudan
80%
Que mesure l'échelle de Scoville ? Le niveau de piquant dans un piment
80%
Quel groupe américain de metal alternatif originaire de Seattle est à l'origine des tubes Man in the Box et Nutshell ? Alice in Chains
60%
Quelle est la date de cet évènement ? Le 11 septembre 1973
60%
Quelle est la date de la catastrophe nucléaire de Tchernobyl ? Le 26 avril 1986
60%
Quel est le premier acteur à avoir interprété James Bond au cinéma ? Sean Connery
60%
Quel sport a fait connaître Billie Jean King ? Le tennis
40%
Qui est Rupi Kaur ? Une poétesse canadienne
40%
Qu'est-ce que la pyramide de Ponzi ? Un système d'arnaque à la fraude
40%
Quel musicien a pour vrai nom Guillaume Brière ? Vladimir Cauchemar
40%
Quel chanteur est le leader du groupe Green Day ? Billie Joe Armstrong
20%
Quel est le chef-lieu de la Floride ? Talahassee
20%
Aucun quiz correspondant
Distribution des résultats
% des personnes avec chaque résultat
Percentile par nombre de réponses
Votre historique - résultats
Vous n’avez pas pris ce quiz depuis la dernière actualisation